00329nam a2200133Ia 45000030006000000080041000060400015000471000016000622450028000782500010001062600050001165460012001660050017001780STCL150530s9999 xx 000 0 und d aSTCLcSTCL aKohli, S.P. aWheat varities in India aFirst bIndian Council of Agricultural Researchc1968 aEnglish20220125170342.0